Tables of wavenumbers for the calibration of infrared spectrometers /
Guardado en:
| Autor Corporativo: | |
|---|---|
| Otros Autores: | |
| Formato: | Libro |
| Idioma: | English |
| Publicado: |
Oxford :
Pergamon Press,
1977.
|
| Edición: | 2nd ed. |
| Series: | IUPAC publication
|
| Materias: | |
| Etiquetas: |
Agregar Etiqueta
Sin Etiquetas, Sea el primero en etiquetar este registro!
|
| LEADER | 01134cam a22002535a 4500 | ||
|---|---|---|---|
| 001 | EIQ.libpla001709 | ||
| 008 | 760730s1977####enka#####b####001#0#eng#d | ||
| 005 | 20061211145143.0 | ||
| 245 | 1 | 0 | |a Tables of wavenumbers for the calibration of infrared spectrometers / |c International Union of Pure and Applied Chemistry, Commission on Molecular Structure and Spectroscopy ; compiled by A.R.H. Cole. |
| 250 | |a 2nd ed. | ||
| 260 | |a Oxford : |b Pergamon Press, |c 1977. | ||
| 300 | |a ix, 219 p. : |b il. ; |c 26 cm. | ||
| 490 | 1 | |a IUPAC publication | |
| 504 | |a Incluye referencias bibliográficas e índice. | ||
| 020 | |a 0080212476 (pbk.) | ||
| 700 | 1 | |a Cole, A. R. H. |q (Andrew Reginald Howard), |d 1924-, |e ed. |4 edt | |
| 810 | 2 | |a International Union of Pure and Applied Chemistry. |t IUPAC publication. | |
| 082 | 0 | 0 | |a 535/.842 |
| 650 | 4 | |a Espectroscopía infrarroja |x Tablas. | |
| 650 | 0 | |a Infrared spectroscopy |x Tables. | |
| 010 | |a 76028298 | ||
| 040 | |a DLC |c DLC |d AR-BbSID | ||
| 110 | 2 | |a International Union of Pure and Applied Chemistry. |b Commission on Molecular Structure and Spectroscopy. | |
| 859 | |a AR-BbSID |b BIB. PLAPIQUI |h 544.63 |i In 8 |k R |p 312 | ||
